000 00554 a2200217 4500
005 20260206114019.0
008 260206b |||||||| |||| 00| 0 eng d
020 _a9789392262524
_cRs. 2150.00
040 _aMAIN
082 _a320.5330954
_bN167I
100 _aNarender Kumar
245 _aIndian socialist thinkers
250 _a
260 _bBook Enclave
_c2023
_aJaipur
300 _aiv, 277
650 _aPolitical Science
650 _aSocial Science
650 _aSocialism India
650 _aSocialist Movements
942 _cBK
999 _c394937
_d394937